| Tag |
First Indicator |
Second Indicator |
Subfields |
| LEADER |
00000cam a2200000 a 4500 |
| 001 |
in00002743607 |
| 005 |
20151202152448.0 |
| 008 |
110623s2012 enkab b 001 0 eng c |
| 020 |
|
|
|a 9780745651453
|
| 020 |
|
|
|a 0745651453
|
| 035 |
|
|
|a (OCoLC)ocn733230126
|
| 040 |
|
|
|a BTCTA
|c BTCTA
|d YDX
|d GZU
|d BWX
|d CFI
|d MIA
|d IQU
|d CDX
|d TXA
|d UtOrBLW
|
| 041 |
1 |
|
|a eng
|h ger
|
| 049 |
|
|
|a TXAM
|
| 090 |
|
|
|a QC903
|b .W4513 2012
|
| 100 |
1 |
|
|a Welzer, Harald.
|
| 240 |
1 |
0 |
|a Klimakriege.
|l English
|
| 245 |
1 |
0 |
|a Climate wars :
|b why people will be killed in the twenty-first century / Harald Welzer ; translated by Patrick Camiller.
|
| 264 |
|
1 |
|a Cambridge, UK ;
|a Malden, Mass. :
|b Polity Press,
|c [2012]
|
| 264 |
|
4 |
|c ©2012
|
| 300 |
|
|
|a vii, 222 pages :
|b illustrations, maps ;
|c 23 cm.
|
| 336 |
|
|
|a text
|b txt
|2 rdacontent
|
| 337 |
|
|
|a unmediated
|b n
|2 rdamedia
|
| 338 |
|
|
|a volume
|b nc
|2 rdacarrier
|
| 500 |
|
|
|a Translation of: Klimakriege: wofür im 21. Jahrhundert getötet wird, 2008.
|
| 504 |
|
|
|a Includes bibliographical references and index.
|
| 650 |
|
0 |
|a Climatic changes
|x Social aspects.
|
| 650 |
|
0 |
|a Climatic changes
|x Political aspects.
|
| 650 |
|
0 |
|a Climatic extremes
|x Social aspects.
|
| 650 |
|
0 |
|a Climatic extremes
|x Political aspects.
|
| 650 |
|
0 |
|a Global warming
|x Social aspects.
|
| 650 |
|
0 |
|a Global warming
|x Political aspects.
|
| 650 |
|
0 |
|a War
|x Environmental aspects.
|
| 650 |
|
0 |
|a Violence
|x Environmental aspects.
|
| 650 |
|
0 |
|a Refugees
|x Environmental aspects.
|
| 650 |
|
0 |
|a Environmental degradation
|x Social aspects.
|
| 700 |
1 |
|
|a Camiller, Patrick.
|
| 945 |
|
|
|a PromptCat
|
| 948 |
|
|
|a cataloged
|b h
|c 2012/4/10
|d c
|e dmitchel
|f 2:00:00 pm
|
| 994 |
|
|
|a C0
|b TXA
|
| 999 |
|
|
|a MARS
|
| 999 |
f |
f |
|s 220b275f-65b7-3f9b-99a8-041f6ed3cd44
|i 970887c4-213f-35b2-a33f-4853e5e4448d
|t 0
|
| 952 |
f |
f |
|p normal
|a Texas A&M University
|b College Station
|c Sterling C. Evans Library
|d Evans: Library Stacks
|t 0
|e QC903 .W4513 2012
|h Library of Congress classification
|i unmediated -- volume
|m A14840523710
|
| 998 |
f |
f |
|a QC903 .W4513 2012
|t 0
|l Evans: Library Stacks
|